|
|
|
|
| LEADER |
00000nam0a2200000 4500 |
| 001 |
118894 |
| 005 |
20231101215512.0 |
| 010 |
|
|
|a 5815805459
|
| 035 |
|
|
|a (RuTPU)RU\TPU\book\128661
|
| 090 |
|
|
|a 118894
|
| 100 |
|
|
|a 20070619d2006 km y0rusy50 ca
|
| 101 |
0 |
|
|a rus
|
| 102 |
|
|
|a RU
|
| 105 |
|
|
|a a gj 001zy
|
| 200 |
1 |
|
|a Компоненты для монтажа на поверхность
|e справочное пособие
|f В. Н. Леухин
|
| 210 |
|
|
|a Йошкар-Ола
|c МарГТУ
|d 2006
|
| 215 |
|
|
|a 300 с.
|c ил.
|
| 320 |
|
|
|a Библиогр.: с. 230-231.
|
| 330 |
|
|
|a Представлена обширная информация по современным компонентам, монтируемым на поверхность, отечественного и зарубежного производства: резисторам, конденсаторам, диодам, транзисторам, микросхемам, индикаторам, элементам коммутации. Даны чертежи корпусов, разметка посадочного места для их установки и рекомендации по записи в технической документации. ля студентов, профиль специальности которых связан с бытовой радиоэлектронной аппаратурой, с телекоммуникациями, вопросами общего проектирования РЭС и ЭВС.
|
| 606 |
1 |
|
|a Радиоэлектронная аппаратура
|x Конструкция и расчет
|2 stltpush
|3 (RuTPU)RU\TPU\subj\23421
|9 48021
|
| 610 |
1 |
|
|a компоненты
|
| 610 |
1 |
|
|a монтаж на поверхность
|
| 610 |
1 |
|
|a элементная база
|
| 610 |
1 |
|
|a резисторы
|
| 610 |
1 |
|
|a конденсаторы
|
| 610 |
1 |
|
|a диоды
|
| 610 |
1 |
|
|a транзисторы
|
| 610 |
1 |
|
|a микросхемы
|
| 610 |
1 |
|
|a светодиоды
|
| 610 |
1 |
|
|a кнопки
|
| 610 |
1 |
|
|a кнопочные переключатели
|
| 610 |
1 |
|
|a справочные пособия
|
| 610 |
1 |
|
|a учебные пособия
|
| 675 |
|
|
|a 621.396.6.001.66(035)(075.8)
|v 3
|
| 700 |
|
1 |
|a Леухин
|b В. Н.
|g Владимир Николаевич
|
| 801 |
|
1 |
|a RU
|b 63413507
|c 20070619
|g PSBO
|
| 801 |
|
2 |
|a RU
|b 63413507
|c 20201029
|g PSBO
|
| 942 |
|
|
|c BK
|
| 951 |
|
|
|b 210200
|b 210201
|b 210202
|
| 959 |
|
|
|a 74/20080722
|d 3
|e 187,00
|f АНЛ:1
|f ЧЗТЛ:2
|